|
|
|
|
| LEADER |
00000nab a2200000 a 4500 |
| 001 |
vtls010638569 |
| 003 |
SK-MaSNL |
| 005 |
20260426042503.0 |
| 008 |
141126c1979 xo r 000 00slo |
| 015 |
|
|
|a SNBRA2014/12SVKPO
|
| 038 |
|
|
|a SVKPO
|
| 040 |
|
|
|a SVKPOCL
|b slo
|c SVKPOCL
|e AACR2
|
| 041 |
0 |
|
|a slo
|b rus
|b ger
|
| 044 |
|
|
|a xo
|c SK
|
| 080 |
|
|
|a 316.3(437.6)
|2 2001
|
| 080 |
|
|
|a 94(437.6)
|2 2001
|
| 080 |
|
|
|a (437.6-11)
|2 2001
|
| 100 |
1 |
|
|a Michnovič, Imrich,
|d 1940-
|4 aut
|9 196545
|
| 245 |
1 |
0 |
|a Sociálna štruktúra východoslovenskej dediny v dvadsiaych rokoch
|c Imrich Michnovič
|
| 504 |
|
|
|a Bibliogr. odkazy v poznámkach
|
| 546 |
|
|
|a Res. rus., nem.
|
| 648 |
|
7 |
|a 20. stor., 20. roky
|2 svkpocl
|9 652264
|
| 650 |
0 |
7 |
|a sociálna štruktúra
|2 svkpocl
|9 4855
|
| 650 |
0 |
7 |
|a dedinské obyvateľstvo
|x sociálna štruktúra
|z Slovensko východné
|2 svkpocl
|9 1093934
|
| 650 |
0 |
7 |
|a obyvateľstvo
|x štruktúra sociálna
|z Slovensko východné
|2 svkpocl
|9 1093935
|
| 651 |
|
7 |
|a Slovensko východné
|2 svkpocl
|9 161134
|
| 773 |
0 |
|
|t Nové obzory 21 : spoločenskovedný zborník východného Slovenska
|d Košice : Východoslovenské vydavateľstvo pre Múzeum Slovenskej republiky rád v Prešove, 1979
|g S. 35-44
|
| 852 |
|
|
|a SVKPO
|b KIS3GCP
|
| 958 |
|
|
|a SK
|
| 958 |
|
|
|a NB
|
| 999 |
|
|
|c 1797656
|d 1799586
|